Normal view MARC view
  • Dobson,Jenni

Entry Personal Name

Number of records used in: 1

001 - CONTROL NUMBER

  • control field: 89455

003 - CONTROL NUMBER IDENTIFIER

  • control field: OSt

005 - DATE AND TIME OF LATEST TRANSACTION

  • control field: 20220809080019.0

008 - FIXED-LENGTH DATA ELEMENTS

  • fixed length control field: 220809|| aca||aabn | a|a d

040 ## - CATALOGING SOURCE

  • Original cataloging agency: OSt
  • Transcribing agency: OSt

100 ## - HEADING--PERSONAL NAME

  • Personal name: Dobson,Jenni

670 ## - SOURCE DATA FOUND

  • Source citation: Work cat.: (OSt)49192: Dobson,Jenni, Making Kimono and Japanese Clothes, 2004